Obrazy Jozefa Lackoviča Vinohradnícke metamorfózy

Bibliographic Details
Main Author: Pastírik, Anton (Author)
Other Authors: Benka, Ján (ini)
Format: Book
Language:Slovak
PhysicalDescription:6 s. 21 cm.
Published: Piešťany Kultúrne a spoločenské stredisko [vyd.] 1980
Edition:1. vyd.
Subjects:

MARC

LEADER 00000nam a2200000 a 4500
001 vtls001196392
003 SK-MaSNL
005 20260301194715.0
008 240314s1980 xo 0 slo
035 |a SNK000139461 
040 |a SNK  |b slo  |c SNK  |e AACR2 
041 0 |a slo 
044 |a xo  |c SK 
080 |a 75.077:061.4(083.9)  |2 1981 
080 |a 061.4(083.9)  |2 1981 
080 |a 929 Kackovič, Jozef  |2 1981 
100 1 |a Pastírik, Anton  |4 aut  |9 274403 
245 1 0 |a Obrazy Jozefa Lackoviča  |b Vinohradnícke metamorfózy  |c Anton Pastírik ; Ján Benka 
250 |a 1. vyd. 
260 |a Piešťany  |b Kultúrne a spoločenské stredisko [vyd.]  |c 1980  |e Piešťany  |f Západoslovenské tlačiarne 
300 |a 6 s.  |c 21 cm. 
500 |a Katalóg. Skladačka. Fot. 
500 |a Uspor. KaSS v Piešťanoch v Malej scéne Ivana Krasku, 3.-20. 4. 1980. Graf. upr. Ján Benka. 
600 1 7 |a Lackovič, Jozef,  |d 1921-2009  |2 SNK  |9 181320 
648 7 |a 1980  |2 SNKPH  |9 279231 
650 0 7 |a výstavy  |2 SNKPH  |9 2780 
651 7 |a 5211  |2 SNK  |9 283191 
655 7 |a katalógy výstav  |2 SNK  |9 70445 
700 1 |a Benka, Ján  |4 ini  |9 178725 
958 |a OND 
958 |a BQ 
958 |a TL 
999 |c 882805  |d 884735 
952 |a SNK  |b SNK  |y PREZ  |7 0  |p 17A0876598  |o snkOSC 7153 D1  |i snk2012/13694  |8 1  |0 0  |1 0  |4 0  |d 2012-07-13  |l 0  |r 2026-02-24 06:20:48  |w 2026-02-24 
952 |a SNK  |b SNK  |y PREZ  |7 0  |p 17A1052655  |o snkOSC 7153   |i snkKSP 676/83  |0 0  |1 0  |4 0  |d 2012-10-06  |l 0  |r 2026-02-24 06:20:48  |w 2026-02-24